000 00381 am a2200157 4500
999 _c2818
001 67671
005 20210114134209.0
008 210114b ||||| |||| 00| 0 eng d
020 _a9781447125211
245 _aFundamentals of Computerized Tomography
_cGabor T. Herman
260 _c2012
650 2 _aTomography
650 _aSkiktröntgen
942 _2z
_cBOOK